000 01228 a2200217 4500
003 Nust
005 20241202110327.0
010 _a 73000292
040 _cNust
082 0 0 _a519.5,MOO
100 1 _aMood, Alexander McFarlane,
245 1 0 _aIntroduction to the theory of statistics /
_c[by] Alexander M. Mood, Franklin A. Graybill [and] Duane C. Boes.
260 _a Islamabad,
_b National Book Foundations
_c[1973, c1974]
300 _axvi, 564 p.
_billus.
_c24 cm.
490 0 _a National Book Foundation series in probability and statistics.
505 _aProbability (Page-1), Random Variables, Distributions Functions and Expectation (Page-51), Special Parametric Families of Univariate Distributions (Page-85), Joint and Conditional Distributions, Stochastic Independence, More Expectation (Page-129), Distributions of Functions of Random Variables (Page-175), Sampling and Sampling Distributions (Page-219), Parametric Point Estimation (Page-271), Parametric Interval Estimation (Page-372), Test of Hypotheses (Page-401),Linear Models (Page-482), Nonparametric Methods (Page-504).
650 0 _aMathematical statistics.
_961
700 1 _aBoes, Duane C.,
700 1 _aGraybill, Franklin A.,
942 _2ddc
_cBK
999 _c178629
_d178629